La obra parlamentaria del diputado socialista por la capital Juan B. Justo.
Guardado en:
| Formato: | Libro |
|---|---|
| Idioma: | Undetermined |
| Publicado: |
Buenos Aires :
Talleres gráficos de la compañía general de fósforos,
1913.
|
| Materias: | |
| Etiquetas: |
Agregar Etiqueta
Sin Etiquetas, Sea el primero en etiquetar este registro!
|
| LEADER | 00504nam a22001335a 4500 | ||
|---|---|---|---|
| 001 | EHU.bham046413 | ||
| 005 | 20110509094603.0 | ||
| 008 | 110509s1913####ag############000#0#und#d | ||
| 245 | 1 | 0 | |a La obra parlamentaria del diputado socialista por la capital Juan B. Justo. |
| 260 | |a Buenos Aires : |b Talleres gráficos de la compañía general de fósforos, |c 1913. | ||
| 300 | |a 173 p. | ||
| 653 | |a Historia Argentina | ||
| 653 | |a Socialismo argentino | ||
| 859 | |a AR-BHAM |b BIB. HUMANIDADES - Donacion Lejarraga |h MFN000632 |p 000632.19 | ||
